Normal view
MARC view
Entry Topical Term
001 - CONTROL NUMBER
- control field: 31449
003 - CONTROL NUMBER IDENTIFIER
- control field: OSt
005 - DATE AND TIME OF LATEST TRANSACTION
- control field: 20220602113218.0
008 - FIXED-LENGTH DATA ELEMENTS
- fixed length control field: 220602|| aca||aabn | a|a d
040 ## - CATALOGING SOURCE
- Original cataloging agency: OSt
- Transcribing agency: OSt
150 ## - HEADING--TOPICAL TERM
- Topical term or geographic name entry element: Community, Nation, Minority, Region, Shrimoni Akali Dal, Qaum, Panth, Punjabiyat.
670 ## - SOURCE DATA FOUND
- Source citation: Work cat.: (OSt): Fazal, Tanweer 31448, Community, nation and region: Shrimoni Akali Dal (SAD) and the politics of community formation
